000 00415nam a2200181Ia 4500
008 180207s9999 xx 000 0 und d
020 _a9780590444174
050 _bW651 1980
100 _aWiese, Kurt
245 _aHappy easter /
245 _cby Kurt Wiese.
260 _aNew York :
260 _bScholastic,
260 _c1980
300 _a32 pages :
300 _bchiefly colored ;
300 _c18cm.
999 _c355594
_d355594